Centre de Documentació del Parc Natural del Montnegre i el Corredor
Publicado:
Barcelona :
Diputació de Barcelona ; Sant Celoni : Ajuntament de Sant Celoni, La Rectoria Vella ,
1993
Descripción Física:
29 cm
Colección:
Dossier bibliogràfic ; 1, 2
MARC
| LEADER | 00000nam a2200000Ia 4500 | ||
|---|---|---|---|
| 001 | 21417, 21418 | ||
| 008 | 160829s1993 xx 000 0 cat d | ||
| 080 | |a A-2-360, A-2-361 | ||
| 245 | |a Centre de Documentació del Parc Natural del Montnegre i el Corredor | ||
| 260 | |a Barcelona : |b Diputació de Barcelona ; Sant Celoni : |b Ajuntament de Sant Celoni, La Rectoria Vella, |c 1993 | ||
| 300 | |a 29 cm | ||
| 490 | |a Dossier bibliogràfic ; 1, 2 | ||
| 650 | |a Centre de Documentació del Parc Natural del Montnegre i el Corredor |x Catàlegs |9 44510 | ||
| 650 | |a Parc del Montnegre i el Corredor |x Bibliografia |9 44511 | ||
| 700 | |a Centre de Documentació del Parc Natural del Montnegre i el Corredor |9 44513 | ||
| 710 | 1 | |a Barcelona (Catalunya : Província). |b Diputació |9 52408 | |
| 710 | 1 | |a Sant Celoni (Catalunya). |b Ajuntament |9 55494 | |
| 866 | |a 1993 (1), 1997 (2) | ||
| 901 | |a Arxiu | ||
| 942 | |n 1 | ||
| 952 | |0 0 |1 0 |4 0 |6 A2360_A2361 |7 1 |9 51970 |a Arxiu |b Arxiu |d 2016-12-01 |l 0 |o A-2-360, A-2-361 |p 21417, 21418 |r 2016-12-01 00:00:00 |w 2016-12-01 |y ARXIU | ||
| 999 | |c 55817 |d 55817 | ||